Estaba el señor don gato (Registro nro. 2818)

Detalles MARC
000 -CABECERA
Longitud fija campo de control 00504nam a2200193 a 4500
003 - • IDENTIFICADOR DELl NÚMERO DE CONTROL
Identificador del número de control CO-ViMGA
008 - • CÓDIGOS DE INFORMACIÓN DE LONGITUD FIJA
Códigos de información de longitud fija 141112s2004 ck r 000 u spa d
020 ## - • NÚMERO INTERNACIONAL NORMALIZADO PARA LIBROS
Número Internacional Normalizado para Libros (ISBN) 9789802570997
040 ## - FUENTE DE LA CATALOGACIÓN
Centro catalogador de origen CO-ViMGA
Lengua de catalogación spa
Centro transcriptor CO-ViMGA
082 04 - • NÚMERO DE LA CLASIFICACIÓN DECIMAL DEWEY
Número de clasificación (R) ESTe1
245 10 - • TITULO PROPIAMENTE DICHO
Título Estaba el señor don gato
300 ## - • DESCRIPCIÓN FÍSICA
Extensión 23p.
490 ## - • MENCIÓN DE SERIE
Mención de serie clave de sol
650 14 - • PUNTO DE ACCESO ADICIONAL DE MATERIA - TÉRMINO DE MATERIA
Término de materia o nombre geográfico como elemento inicial 2 : GATOS - CUENTOS INFANTILES
650 14 - • PUNTO DE ACCESO ADICIONAL DE MATERIA - TÉRMINO DE MATERIA
Término de materia o nombre geográfico como elemento inicial CUNETOS INFANTILES LATINOAméricaNOS
942 ## - ENTRADA DE ELEMENTOS AGREGADOS (KOHA)
Fuente de clasificaión o esquema Dewey Decimal Classification
Koha [por defecto] tipo de item LIbro
Existencias
Perdido Fuente de clasificación o esquema Estado Físico No para préstamo Forma de adquisición Localización permanente Localización actual Localización en estanterías Fecha adquisición Préstamos totales Signatura completa Código de barras Fecha última consulta Número de copia Fecha del precio de reemplazo Tipo de item de Koha Serie de enumeración / cronolog&íacute;a Fecha último préstamo Note pública
  Dewey Decimal Classification     Infantil Biblioteca Pública Cubarral Biblioteca Pública Cubarral Sala Infantil 07/18/2023   P NAZ1 CUB00299 07/18/2023 Ej.1 07/18/2023 Libro Literatura      
  Dewey Decimal Classification     Infantil Biblioteca Pública Fuentedeoro - Henry Llanos García Biblioteca Pública Fuentedeoro - Henry Llanos García Sala Infantil 07/22/2025   ESTe1 Fo2363 07/22/2025 Ej.1 07/22/2025 Libro Infantil      
        Colección Sala Infantil de Literatura Pocatil y Tilín Biblioteca Pública Departamental Eduardo Carranza - Villavicencio Biblioteca Pública Departamental Eduardo Carranza - Villavicencio Sala Infantil 08/21/2004   P NAZ1 ECA16434 11/25/2024 Ej.1 11/25/2024 LIbro     231 | 257
  Dewey Decimal Classification     Sala Infantil Segundo Piso Biblioteca Pública Germán Arciniegas - Villavicencio Biblioteca Pública Germán Arciniegas - Villavicencio   12/04/2015 1 ESTe1 24797 08/29/2025 Ej. 1 12/04/2015 LIbro 22/ago/2011 08/29/2025  
  Dewey Decimal Classification     Sala Infantil Segundo Piso Biblioteca Pública Germán Arciniegas - Villavicencio Biblioteca Pública Germán Arciniegas - Villavicencio   12/04/2015   PESTe1 024797 08/27/2018 Ej. 1 12/04/2015 LIbro 22/ago/2011    
  Dewey Decimal Classification     Sala General Estacion de Lectura Apiay - Villavicencio Estacion de Lectura Apiay - Villavicencio   12/04/2015   ESTe1 27905 12/04/2015 Ej. 2 12/04/2015 LIbro 22/dic/2014    









Instituto Departamental de Cultura del Meta - Red Departamental de Bibliotecas Públicas del Meta.